El fantasma de palacio / (Registro nro. 9062)

Detalles MARC
000 -LEADER
fixed length control field 00894nam a2200337 4500
001 - CONTROL NUMBER
control field 0445337
003 - CONTROL NUMBER IDENTIFIER
control field DO-SdBNP
005 - DATE AND TIME OF LATEST TRANSACTION
control field 20180221095607.0
007 - PHYSICAL DESCRIPTION FIXED FIELD--GENERAL INFORMATION
fixed length control field 0445337
008 - FIXED-LENGTH DATA ELEMENTS--GENERAL INFORMATION
fixed length control field 950627s 1992 sp | |||| ||spa
016 7# - NATIONAL BIBLIOGRAPHIC AGENCY CONTROL NUMBER
Record control number
Source BPMSU
017 ## - COPYRIGHT OR LEGAL DEPOSIT NUMBER
Copyright or legal deposit number
Assigning agency
020 ## - INTERNATIONAL STANDARD BOOK NUMBER
International Standard Book Number 843481174X
035 ## - SYSTEM CONTROL NUMBER
System control number
040 ## - CATALOGING SOURCE
Original cataloging agency BPMSU
Language of cataloging spa
Transcribing agency BPMSU
Description conventions
041 1# - LANGUAGE CODE
Language code of text/sound track or separate title spa
Language code of original
080 #0 - UNIVERSAL DECIMAL CLASSIFICATION NUMBER
Universal Decimal Classification number
100 1# - MAIN ENTRY--PERSONAL NAME
Personal name Lobe, Mira,
Dates associated with a name 1913-
240 14 - UNIFORM TITLE
Uniform title <a href=" "> </a>
Language of a work
245 13 - TITLE STATEMENT
Title El fantasma de palacio /
Statement of responsibility, etc. Mira Lobe ; ilustración Susi Weigel ; traducción.
Medium
250 ## - EDITION STATEMENT
Edition statement 14ª ed.
260 ## - PUBLICATION, DISTRIBUTION, ETC. (IMPRINT)
Place of publication, distribution, etc. Madrid :
Name of publisher, distributor, etc. SM,
Date of publication, distribution, etc. 1992.
300 ## - PHYSICAL DESCRIPTION
Extent 75 p. ;
Other physical details il.:
Dimensions 19 cm.
490 1# - SERIES STATEMENT
Series statement El barco de vapor
Volume/sequential designation 5
700 12 - ADDED ENTRY--PERSONAL NAME
Personal name Weigel, Susi,
Relator term il.
700 12 - ADDED ENTRY--PERSONAL NAME
Personal name Larriba, Jesús,
Relator term tr.
830 #0 - SERIES ADDED ENTRY--UNIFORM TITLE
Uniform title El barco de vapor. blanca
Volume number/sequential designation 5
942 ## - ADDED ENTRY ELEMENTS (KOHA)
Source of classification or shelving scheme Dewey Decimal Classification
Koha item type Libros
945 ## - LOCAL PROCESSING INFORMATION (OCLC)
a Inventariado, 2018 /LP
956 ## - LOCAL ELECTRONIC LOCATION AND ACCESS (OCLC)
Host name VMATEO
Access number 10
Compression information 20151209
Processor of request BPMSU
Access method 00151
Existencias
Withdrawn status Lost status Source of classification or shelving scheme Damaged status Not for loan Collection code Home library Current library Date acquired Source of acquisition Total Checkouts Barcode Date last seen Price effective from Koha item type
    Dewey Decimal Classification     Colección Infantil General Biblioteca Pública Metropolitana Salomé Ureña Biblioteca Pública Metropolitana Salomé Ureña 12/09/2015 FUNDI   BPMSU15120097 12/09/2015 12/09/2015 Libros